000 00449nam a22001817a 4500
003 koha_MIRAKIL
005 20231213100017.0
008 231213b |||||||| |||| 00| 0 ||| d
020 _b978-9-75362751-1
040 _aTR-IsEVY
_btur
_cTR-IsEVY
082 _a004 BÜY/Z
100 _aBüyükkeçeci, Serhan.
245 0 _aZıpır bilgisayar
250 _a7. bs.
260 _bTimaş Yayınları,
_c2014
300 _a128 s.
942 _2ddc
_cBK
999 _c13070
_d13070